Disney's Aladdin Characters - Statistics

General Stats
  • This quiz has been taken 189 times
  • The average score is 7 of 11
Answer Stats
Hint Answer % Correct
Title Character Aladdin
99%
Disney Princess Jasmine
99%
Silly Monkey Abu
93%
Villain Jafar
92%
3 Wishes Genie
91%
Flying Surface Magic Carpet
88%
Pet Tiger Rajah
78%
King of Agrabah The Sultan
71%
Guard #2 Razoul
19%
Underwear Guy Prince Achmed
7%
Guard #1 Ackeem
1%
No matching quizzes found
Score Distribution
Percent of People with Each Score
Percentile by Number Answered
Your Score History
You have not taken this quiz